000
00259nam a22001097a 4500
082
_a
RAM
100
_a
Ramey Robert Lee
245
_a
Matrices and computer's in electric circuits analysis
260
_a
London
_b
McGraw Hill
_c
1971
300
_a
389
942
_c
BK
999
_c
13483
_d
13483